000
00325nam a22001457a 4500
008
180216b xxu||||| |||| 00| 0 eng d
020
_a
9780962825422
041
_a
eng
080
_a
159.9 FAL
082
_a
159.9 FAL
100
_a
48
101
_a
PSI
245
_a
Family desk reference to psychology
942
_2
udc
_c
BK
999
_c
42817
_d
42817